000 00520nam a2200181 i 4500
001 142572
003 ES-MaACL
005 20250907063113.0
007 t|
008 071008s1980 sp ||||1| cat d
100 1 _aVillalonga, Llorenç,
_d1897-1980
_9114975
245 1 3 _aEl llumí i altres narracions /
_cLlorenç Villalonga.
250 _a[2ª ed.].
260 _aBarcelona :
_bEdicions 62,
_c[1980]
300 _a105 p. ;
_c19 cm.
852 _aES-MaACL
_jC-50014
_bR.101260
999 _c142572
_d142572